महिलाओं के मौलिक अधिकार / (Record no. 120966)

MARC details
000 -LEADER
fixed length control field 01193nam a22002657a 4500
005 - DATE AND TIME OF LATEST TRANSACTION
control field 20170124103205.0
010 ## - LIBRARY OF CONGRESS CONTROL NUMBER
LC control number B-183893
020 ## - INTERNATIONAL STANDARD BOOK NUMBER
Terms of availability 125.00
International Standard Book Number 8189464108
035 ## - SYSTEM CONTROL NUMBER
System control number B-183893
037 ## - SOURCE OF ACQUISITION
Source of stock number/acquisition Cen Lib/Ret
040 ## - CATALOGING SOURCE
Original cataloging agency DPL
Language of cataloging HN
082 ## - DEWEY DECIMAL CLASSIFICATION NUMBER
Classification number 323.34
Item number गोरारर
100 ## - MAIN ENTRY--PERSONAL NAME
Personal name गोरार, रतनलाल
9 (RLIN) 93614
245 ## - TITLE STATEMENT
Title महिलाओं के मौलिक अधिकार /
Statement of responsibility, etc रतनलाल गोरार
246 ## - VARYING FORM OF TITLE
Title proper/short title Mahilaon ke maulik adhikar /
Remainder of title by Ratanlal Gora
260 ## - PUBLICATION, DISTRIBUTION, ETC. (IMPRINT)
Place of publication, distribution, etc जयपुर
Name of publisher, distributor, etc राधा गोविन्द पब्लिशर्स
Date of publication, distribution, etc 2006
270 ## - ADDRESS
Address 12, बन्धु नगर, परमहंस कॉलोनी, सीकर रोड
City जयपुर
300 ## - PHYSICAL DESCRIPTION
Extent vi,88पृ.
Dimensions 21सेमी(सजिल्द)
500 ## - GENERAL NOTE
General note अनुक्रमणिका शामिल
650 ## - SUBJECT ADDED ENTRY--TOPICAL TERM
Topical term or geographic name as entry element महिला और कानून
9 (RLIN) 1726
650 ## - SUBJECT ADDED ENTRY--TOPICAL TERM
Topical term or geographic name as entry element भारत में महिलाओं के अधिकार
9 (RLIN) 93615
650 ## - SUBJECT ADDED ENTRY--TOPICAL TERM
Topical term or geographic name as entry element Women and the Law
9 (RLIN) 93616
650 ## - SUBJECT ADDED ENTRY--TOPICAL TERM
Topical term or geographic name as entry element Women's rights in India
9 (RLIN) 93617
942 ## - ADDED ENTRY ELEMENTS (KOHA)
Source of classification or shelving scheme Dewey Decimal Classification
Koha item type Hindi Books
Classification part 323.34
Call number suffix गोरारर
Holdings
Withdrawn status Lost status Damaged status Not for loan Home library Current library Date acquired Source of acquisition Cost, normal purchase price Total Checkouts Full call number Barcode Date last seen Date checked out Copy number Cost, replacement price Price effective from Koha item type
        Central Library Central Library 29/09/2015 Cen Lib/Ret 125.00 2 323.34 गोरारर B-183893 27/10/2018 11/10/2018 1 125.00 29/09/2015 Hindi Books

© Delhi Public Library
Hit Counter
free hit counter